[Event "Candidates Tournament"]
[Site "Khanty-Mansiysk"]
[Date "2014.03.15"]
[Round "3"]
[White "Andreikin, Dmitry"]
[Black "Karjakin, Sergey"]
[Result "1/2-1/2"]
[WhiteElo "2709"]
[BlackElo "2766"]
[Annotator "ChessBase Website"]
[PlyCount "60"]
[EventDate "2014.03.13"]
[EventType "tourn"]
[EventRounds "14"]
[EventCountry "RUS"]
[EventCategory "21"]
[SourceTitle "CBM 160"]
[Source "ChessBase"]
[SourceDate "2014.05.15"]
[SourceVersion "1"]
[SourceVersionDate "2014.05.15"]
[SourceQuality "1"]
[TimeControl "40/7200:20/3600:900+30"]
[WhiteClock "0:41:29"]
[BlackClock "0:44:38"]

1. e4 {[%emt 0:00:04]} e5 {[%emt 0:00:07]} 2. Nf3 {[%emt 0:00:08]} Nc6 {
[%emt 0:00:03]} 3. Bb5 {[%emt 0:00:09]} Nf6 {[%emt 0:00:18]} 4. d3 {[%emt 0:00:
11] This Russian duel was not as interesting as the other one. Andreikin
side-stepped the Berlin variation of the Spanish by playing an early 4.d3 but
he was unable to obtain anything at all from the opening. Some pieces came off
and the opposite colored bishop endgame with queens was an obvious draw that
the players did not play out.} Bc5 {[%emt 0:00:16]} 5. c3 {[%emt 0:00:07]} O-O
{[%emt 0:00:16]} 6. O-O {[%emt 0:00:13]} d6 {[%emt 0:00:21]} 7. Nbd2 {[%emt 0:
00:33]} Ne7 {[%emt 0:00:58]} 8. d4 {[%emt 0:05:46]} (8. h3 c6 9. Ba4 Ng6 10. d4
Bb6 11. Re1 Re8 12. Bc2 Bc7 13. Nf1 d5 14. exd5 e4 15. d6 Qxd6 16. N3d2 Bf5 17.
Nc4 Qd7 18. Bg5 Nd5 19. Ng3 Be6 20. Bxe4 Nxc3 21. bxc3 Bxc4 22. Qf3 Qd6 23. a4
Bd5 24. Bd2 Nf8 25. Rab1 b6 26. Qg4 Nd7 27. Bd3 g6 28. Qh4 f5 29. c4 Bf7 30.
Bc3 Qf6 31. Qxf6 Nxf6 32. d5 Nd7 33. dxc6 Nc5 34. Bc2 Bxc4 35. Rbd1 Rxe1+ 36.
Rxe1 Kf7 37. Nf1 Bd5 {Robson,R (2628)-Dominguez Perez,L (2757) St Louis 2014
0-1 (65)}) 8... exd4 {[%emt 0:00:57]} 9. cxd4 {[%emt 0:00:06]} Bb6 {[%emt 0:00:
03]} 10. h3 {[%emt 0:01:18]} d5 {[%emt 0:02:39]} 11. e5 {[%emt 0:13:18]} Ne4 {
[%emt 0:00:30]} 12. Bd3 {[%emt 0:04:15]} Bf5 {[%emt 0:00:43]} 13. Qe2 {[%emt 0:
00:12]} Nc6 {[%emt 0:00:38]} 14. Rd1 {[%emt 0:06:23]} Bxd4 $146 {[%emt 0:30:05]
} (14... Nxd4 15. Nxd4 Bxd4 16. Bxe4 dxe4 17. Nb3 c5 18. Be3 Qe7 19. Nxd4 cxd4
20. Bxd4 {1/2-1/2 (20) Svidler,P (2723)-Carlsen,M (2776) Gjovik 2009}) 15. Nxe4
{[%emt 0:01:33]} dxe4 {[%emt 0:00:30]} 16. Bxe4 {[%emt 0:00:16]} Bxe4 {[%emt 0:
00:06]} 17. Nxd4 {[%emt 0:00:15]} Qd5 {[%emt 0:00:45]} 18. Nxc6 {[%emt 0:01:35]
} Qxc6 {[%emt 0:00:29]} 19. f3 {[%emt 0:00:09]} Bd5 {[%emt 0:04:29]} 20. b3 {
[%emt 0:05:23]} a5 {[%emt 0:11:01]} 21. Ba3 {[%emt 0:09:02]} Rfd8 {[%emt 0:01:
38]} 22. Rac1 {[%emt 0:09:33]} Qb6+ {[%emt 0:04:25]} 23. Kh1 {[%emt 0:08:15]}
Be6 {[%emt 0:10:40]} 24. Rxd8+ {[%emt 0:08:11]} Rxd8 {[%emt 0:00:11]} 25. Rd1 {
[%emt 0:00:09]} Rxd1+ {[%emt 0:02:39]} 26. Qxd1 {[%emt 0:00:07]} h6 {[%emt 0:
00:06]} 27. Qd8+ {[%emt 0:00:28]} Kh7 {[%emt 0:00:05]} 28. Qd3+ {[%emt 0:00:32]
} Kg8 {[%emt 0:00:12]} 29. Qd8+ {[%emt 0:00:14]} Kh7 {[%emt 0:00:06]} 30. Qd3+
{[%emt 0:00:06]} Kg8 {[%emt 0:00:06]} 1/2-1/2

[Event "Candidates Tournament"]
[Site "Khanty-Mansiysk"]
[Date "2014.03.15"]
[Round "3"]
[White "Mamedyarov, Shakhriyar"]
[Black "Anand, Viswanathan"]
[Result "0-1"]
[WhiteElo "2757"]
[BlackElo "2770"]
[Annotator "Krasenkow,M"]
[PlyCount "61"]
[EventDate "2014.03.13"]
[EventType "tourn"]
[EventRounds "14"]
[EventCountry "RUS"]
[EventCategory "21"]
[SourceTitle "CBM 160"]
[Source "ChessBase"]
[SourceDate "2014.05.15"]
[SourceVersion "1"]
[SourceVersionDate "2014.05.15"]
[SourceQuality "1"]

1. d4 d5 2. c4 c6 3. Nf3 Nf6 4. Qc2 dxc4 5. Qxc4 Bg4 {This continuation is not
worse than} (5... Bf5) 6. Nbd2 {A quiet move preventing the doubling of
White's pawns but slowing down his development.} Nbd7 7. g3 e6 8. Bg2 Be7 9.
Ne5 (9. O-O {is usually played. The exchange of knights doesn't change the
evaluation of the position as equal.}) 9... Bh5 10. Nxd7 (10. Ndf3 Qa5+ 11. Bd2
Qd5 12. Qxd5 exd5 13. Bh3 Nb6 14. b3 Ne4 $11 {1/2 (64) Agrest,E (2591)-Shirov,
A (2709) Gibraltar 2006}) 10... Nxd7 (10... Qxd7 $143 11. Nb3 O-O 12. O-O $14 {
E.Grivas}) 11. O-O O-O 12. Nb3 {The knight has no better square but now its
invasion of c5 is not threatening.} (12. Nf3 Nb6 13. Qd3 c5 14. dxc5 Qxd3 15.
exd3 Bxc5 16. d4 Be7 $15 {0-1 (55) De Jong,M (2358)-Van Kampen,R (2560)
Haarlem 2012}) (12. Ne4 Qb6 13. b3 a5 14. e3 Qa6 15. Qxa6 Rxa6 16. Bd2 Ba3 17.
Bc3 Bg6 18. Rad1 Rfa8 19. Rd2 Rb6 20. Rfd1 Bxe4 21. Bxe4 a4 $132 {1/2 (60)
Alekseev,E (2714)-Kasimdzhanov,R (2672) Jermuk 2009}) (12. e3 e5 13. Nb3 exd4
14. Nxd4 Bf6 15. Qc2 Bxd4 16. exd4 Nb6 17. Be3 Qd7 18. Rfe1 Rfe8 19. Qc5 Nd5
$11 {1/2 (88) Vitiugov,N (2691)-Inarkiev,E (2683) St Petersburg 2012}) 12... a5
{[%cal Ra5a4]} (12... Bd6 13. e4 Qe7 14. Be3 Kh8 15. a4 a5 16. Bd2 Nb6 17. Qc2
Bb4 18. Be3 Nd7 19. h3 Rac8 20. Rac1 Rcd8 21. f4 f5 22. Bd2 $14 {1-0 (75)
Rashkovsky,N (2535)-Najer,E (2535) St Petersburg 1998}) (12... Qb6 13. e4 a5
14. Be3 a4 15. Nd2 Qa5 16. a3 e5 $11 {1-0 (68) Vaganian,R (2670)-Kulaots,K 
(2576) Moscow 2005 CBM 106 [Huzman]}) (12... Nb6 13. Qc2 a5 14. Rd1 Nd5 15. a3
Qb6 16. Rd3 Rfd8 17. e4 Nf6 $11 18. Be3 Ng4 $132 {0-1 (36) Nebolsina,V (2284)
-Cramling,P (2520) Clichy 2006}) (12... Rc8 13. Bd2 b5 14. Qd3 Qb6 15. Ba5 Qb8
16. Rac1 c5 17. Nxc5 Nxc5 18. dxc5 Bxc5 19. e3 Bb6 20. Bb4 Bg6 21. Qxb5 Bxe3
22. Rxc8 Rxc8 23. Qxb8 Rxb8 24. Bd6 Rd8 25. Be7 Rd7 26. fxe3 Rxe7 $11 {1/2 (51)
Harikrishna,P (2672)-Le Quang,L (2635) Ha Long City 2009}) 13. a4 (13. e4 a4
14. Nc5 Nxc5 15. dxc5 Bf6 16. Bf4 Qd4 17. Qxd4 Bxd4 18. Bd6 Rfd8 19. Rab1 e5
$15 {0-1 (53) Oganian,M (2317)-Dastan,B (2402) Porto Carras 2013}) 13... Bb4 {
[%csl Gb4] Immediately exploiting the new outpost on b4. Black had many other
moves, some of them quite enough for equality:} (13... h6 $143 14. Bd2 Qb6 15.
Rfe1 Rfe8 16. Rac1 Bf8 17. Bc3 Qc7 18. Nd2 Qb6 19. Qb3 Qxb3 20. Nxb3 Bb4 21.
Bxb4 axb4 22. a5 $14 {1-0 (39) Dreev,A (2697)-Dobrov,V (2515) playchess.com
INT 2006}) (13... Nb6 14. Qc2 Nd5 15. e4 Nb4 16. Qc4 b6 17. h3 Kh8 18. Be3 Rc8
19. Rfc1 Qd7 20. Nd2 c5 $11 {1/2 (33) Aghasaryan,R (2443)-Andriasian,Z (2598)
Yerevan 2013}) (13... e5 $5 14. Rd1 (14. dxe5 Nxe5 15. Qc2 Bg6 16. e4 $2 (16.
Qc3 $142 Bf6 17. Nc5 $11) 16... Qd3 $1 $15 17. Qxd3 Nxd3 18. Bd2 Bb4 19. Bc3 f6
20. Rfd1 Rfd8 21. Nd4 Nc5 $15 {0-1 (31) Goldin,A (2600)-Bareev,E (2675)
Beersheba 2005 CBM 110 [Huzman]}) (14. Qc2 Bg6 15. e4 exd4 16. Nxd4 Re8 (16...
Ne5 $1 17. Rd1 Bh5 $132) 17. Rd1 Bf6 18. Be3 Qe7 19. Nb3 Nb8 20. Qc5 $14 {
1-0 (45) Chuchelov,V (2538)-Tan,M (2416) Belgium 2012}) 14... Qc7 15. Bd2 Rfd8
16. Be1 exd4 17. Nxd4 Bf6 18. Bc3 Ne5 $1 19. Qb3 Nd7 20. Rd2 Qb6 $11 {1/2 (36)
Grivas,E (2509)-Caruana,F (2598) Wijk aan Zee 2008}) 14. e4 e5 $1 $146 {
[%mdl 8] A new but quite obvious continuation.} (14... Qe7 15. Be3 Rfd8 16. f4
Kh8 17. Rf2 f6 18. Bd2 e5 19. Bxb4 axb4 20. fxe5 fxe5 21. d5 Rac8 22. Rc1 $14
Nb6 $6 23. Qc5 Qxc5 24. Nxc5 cxd5 25. Bh3 $1 {1-0 (37) Ivanchuk,V (2769)
-Vallejo Pons,F (2697) Istanbul 2012}) 15. Be3 exd4 16. Bxd4 Kh8 (16... Bg4 {
[%cal Yg4e6] was quite good. Black is planning to bring his h5-bishop into
play by means of ...f7-f6 and ...Bh5-f7.}) 17. e5 $6 {Too aggressive.} (17. f4
$142 f6 18. Bf2 $11) 17... Re8 18. f4 f6 $1 {[%mdl 32]} 19. exf6 Nxf6 $15 {
White's centre has been destroyed, and the weakness of the light squares
remains.} 20. Bf3 Bxf3 21. Rxf3 Re4 (21... c5 $5 22. Be5 $140 Ng4) 22. Re3 $6 (
22. Qd3 $142 Qe8 23. Re3) 22... Rxe3 23. Bxe3 Qe8 24. Bb6 $6 (24. Bd4 Rd8 $1
$17 {[%cal Ge8e1,Gd8d1]} (24... Qe4 $143 25. Nc5)) 24... Qh5 25. Bd4 {White
has simply lost a tempo, and Black quickly activates his forces.} Re8 {[%cal
Re8e2]} 26. Rf1 $6 (26. Be5 Qf3 $17) 26... Ng4 27. Qc2 c5 $1 {A deadly blow.}
28. Nxc5 (28. Bxc5 Bxc5+ 29. Nxc5 Ne3 $19) 28... Rc8 {[%cal Rb7b6,Rb4c5,Gc8c2]
The pin is decisive.} 29. Rd1 Bxc5 30. Bxc5 h6 31. Kh1 0-1

[Event "Candidates Tournament"]
[Site "Khanty-Mansiysk"]
[Date "2014.03.15"]
[Round "3"]
[White "Svidler, Peter"]
[Black "Kramnik, Vladimir"]
[Result "1/2-1/2"]
[WhiteElo "2758"]
[BlackElo "2787"]
[Annotator "Marin,M"]
[PlyCount "101"]
[EventDate "2014.03.13"]
[EventType "tourn"]
[EventRounds "14"]
[EventCountry "RUS"]
[EventCategory "21"]
[SourceTitle "CBM 160"]
[Source "ChessBase"]
[SourceDate "2014.05.15"]
[SourceVersion "1"]
[SourceVersionDate "2014.05.15"]
[SourceQuality "1"]
[TimeControl "40/7200:20/3600:900+30"]
[WhiteClock "0:18:15"]
[BlackClock "0:23:05"]

1. c4 {[%emt 0:00:05]} c5 {[%emt 0:00:41]} 2. Nf3 {[%emt 0:00:13]} Nf6 {
[%emt 0:01:12]} 3. Nc3 {[%emt 0:00:07]} Nc6 {[%emt 0:00:14]} 4. g3 {[%emt 0:00:
09]} g6 {[%emt 0:04:14]} 5. d4 {[%emt 0:04:04]} cxd4 {[%emt 0:01:14]} 6. Nxd4 {
[%emt 0:00:08]} Bg7 {[%emt 0:02:31]} 7. Bg2 {[%emt 0:00:16]} O-O {[%emt 0:00:
10]} 8. O-O {[%emt 0:00:03]} Nxd4 {[%emt 0:00:42]} 9. Qxd4 {[%emt 0:00:13]} d6
{[%emt 0:00:02]} 10. Qd3 {[%emt 0:02:57]} Be6 $5 {[%emt 0:01:41]} ({Black
usually develops the bishop after} 10... a6 {possibly followed by ...Rb8. A
recent game went} 11. Bg5 $5 (11. Bd2) (11. Be3) 11... Rb8 12. a4 {1-0 (59)
Edouard,R (2653)-Mista,A (2582) Germany 2013 CBM 158 [Meyer,CD]}) 11. Bd2 {
[%emt 0:13:42]} ({There is nothing wrong with taking the pawn. Black is mainly
struggling, but maybe concrete analysis proves he can reach an equality after
long forced lines.} 11. Bxb7 Rb8 12. Bg2 Qa5 13. b3 Rxb3 14. axb3 Qxa1 15. Nb5
(15. Bd2 {Donaldson,J (2399)-Watson,J (2345) Seattle 2003 CBM 093 [Ribli] (1/
2-1/2, 28)}) (15. Be3 Qa5 16. Nb5 Bf5 17. Qd1 a6 18. Nd4 Bd7 19. Qa1 Qb4 20.
Qxa6 Ng4 $44 {Palac,M (2561)-Rogulj,B (2418) Zagreb 2014 (1/2-1/2, 22)}) 15...
Qa2 16. Nd4 Bd7 $14 {(1-0, 38) Cyborowski,L (2564)-Kovalev,A (2572) Krakow 2004
}) 11... Qc8 {[%emt 0:00:58][%csl Gc4][%cal Ge6h3]} ({It is worth mentioning
that Kramnik had had this position with White in a blitz game:} 11... Qd7 12.
Rfd1 Ng4 13. b3 Ne5 14. Qe4 Rab8 15. Rac1 Bf5 16. Qh4 Bf6 17. Bg5 Bxg5 18. Qxg5
$14 {Kramnik-Anand, Moscow (blitz) 2009}) 12. b3 {[%emt 0:00:36]} Bh3 {[%emt 0:
00:10] White somewhat relieves White's pressure after exchanging the second
minor piece, but the space advantage has a long term character.} 13. Rac1 {
[%emt 0:00:45]} (13. Rad1 Bxg2 14. Kxg2 a6 15. a4 $14 {1/2-1/2 (31) Romanishin,
O (2600)-Neverov,V (2515) Donetsk 1998 CBM 068 [Ribli]}) 13... Bxg2 {[%emt 0:
01:48]} 14. Kxg2 {[%emt 0:00:11]} Qc6+ $146 {[%emt 0:10:53] This novelty does
not change anything essentially.} (14... Rd8 15. Rfd1 Rd7 16. e4 Ng4 17. Qe2
Ne5 18. f4 Nc6 19. Be3 b6 20. h4 Qb7 21. h5 e6 22. Qf3 Re8 23. Rd2 $14 a6 $6
24. Na4 {For reasons I do not understand now, in Marin-Lupu, Manresa 1996 I
accompanied the last move with a draw offer, which was immediately accepted.
Being a Hedgehog player with Black myself, I probably overestimated the
counterplay based on} b5 {In fact, after} 25. Nb6 Rdd8 26. Rcd1 $16) (14... e6
15. Rfd1 Rd8 16. Bg5 Rd7 17. Bxf6 $5 {This could have eventually led to
brilliancies.} (17. Qf3 Ne8 18. Rd3 Qc6 19. e4 Rc8 20. a4 {Neverov,V (2490)
-Dvoirys,S (2550) St Petersburg 1995 (1/2-1/2, 31)}) 17... Bxf6 18. Qf3 Bxc3 $6
(18... Bg7 19. Ne4 Qc6 20. h4 {offers White only some light pressure.}) 19.
Rxc3 Qc5 20. Qf6 Rc8 21. Rf3 $14 b5 $2 {In Jirovsky,M (2420)-Neverov,V (2515)
Lazne Bohdanec 1996 (1-0, 49) this thematic break could once again have led to
disastrous consequences.} 22. cxb5 Qxb5 23. Rxd6 $3 Rxd6 24. Qxf7+ Kh8 25. Qe7
$3 Qd5 $8 (25... Qd7 26. Rf8+ Rxf8 27. Qxf8#) (25... Rdd8 26. Rf7 $18) 26. e4
$1 Qxe4 27. Qxd6 $18) 15. f3 {[%emt 0:10:03]} e6 {[%emt 0:05:04][%csl Gd5,Rd6]}
16. Rfd1 {[%emt 0:03:16]} Rad8 {[%emt 0:07:25]} 17. Bf4 {[%emt 0:11:53]} Rd7 {
[%emt 0:12:05]} 18. Qe3 {[%emt 0:05:39][%cal Gf4h6,Gd1d4,Gd4h4]} (18. e4 $14)
18... b6 {[%emt 0:09:47]} 19. Rd3 {[%emt 0:04:39]} Rc8 {[%emt 0:10:22]} 20. Qd2
{[%emt 0:10:42]} Ne8 {[%emt 0:03:07]} 21. e4 $14 {[%emt 0:04:35][%csl Gd6]
Play is rather one-sided. Black's attempt to undermine the white space
advantage with ...b6-b5 will only create new weaknesses.} a6 $6 {[%emt 0:09:54]
[%csl Gb6,Gc5]} (21... Qc5 $5 {[%csl Ge5][%cal Yc5h5,Yc5a5]} 22. Rd1 Rcd8 23.
h4 $14) 22. e5 {[%emt 0:19:04]} h6 {[%emt 0:01:54]} 23. h4 {[%emt 0:05:40]}
Rcd8 {[%emt 0:06:21]} 24. Rd1 {[%emt 0:01:58]} b5 {[%emt 0:00:25]} (24... Kh7
25. a4 $16) 25. c5 $1 {[%emt 0:05:55] After this thematic break, the game will
oscillate between +/- and +/= until eventually reaching = by means of !!} Qxc5
{[%emt 0:03:13]} (25... d5 26. b4 $16 {[%cal Gc3e2,Ge2d4]}) 26. Ne4 {[%emt 0:
00:05]} Qb6 {[%emt 0:01:21]} 27. Nxd6 {[%emt 0:01:11]} (27. Be3 Qb8 28. Nc5 $1
Bxe5 (28... Ra7 29. exd6 $18) 29. Nxd7 Rxd7 30. Bxh6 {[%cal Gh4h5] /\h5} Nf6
31. Re1 {[%cal Ge1e5]} Qb7 32. h5 $1 $16 Nxh5 $2 33. Rxe5 $1) 27... Bf8 {
[%emt 0:04:55]} 28. h5 {[%emt 0:04:32]} (28. Bxh6 $6 Nxd6 29. Bxf8 Ne4 $1) (28.
Be3 Qb8 29. Bxh6 Nxd6 30. Bg5 Ne4 31. Rxd7 Nxd2 32. Rxd8 Qxe5 33. R1xd2 Kg7 $14
{[%csl Gg2]}) (28. Nc8 $1 Rxd3 29. Nxb6 Rxd2+ 30. Rxd2 Rxd2+ 31. Bxd2 Nc7 32.
Nd7 $16 {[%csl Ra6,Rg8][%cal Gg2f1,Gf1e2,Ge2d3,Yd7b8,Yd2a5]}) 28... Nxd6 {
[%emt 0:06:33]} (28... g5 $2 29. Bxg5 hxg5 30. Qxg5+ Kh8 31. Nxe8 $1 Rxd3 32.
Nf6 Bg7 33. h6 $18) 29. exd6 {[%emt 0:00:30]} g5 {[%emt 0:02:53]} 30. Be5 {
[%emt 0:00:20]} Rc8 {[%emt 0:02:37]} (30... Bg7 $1 $14) 31. Rc1 {[%emt 0:01:14]
} Rxc1 {[%emt 0:01:00]} 32. Qxc1 {[%emt 0:00:01]} Qb7 {[%emt 0:01:04]} (32...
Bxd6 33. Qd1 (33. Qd2 $2 Bb4 $1) 33... Bxe5 34. Rxd7) (32... Bg7 33. Bxg7 (33.
Qc7 $5 Rxc7 34. dxc7 Bxe5 35. c8=Q+ Kg7 $14) 33... Kxg7 34. Qc3+ Kg8 35. Qc8+
Rd8 36. Qc7 Qb8 37. Kf2 $16) 33. g4 {[%emt 0:01:46]} b4 {[%emt 0:00:19]} 34.
Qc4 {[%emt 0:00:35]} Bg7 {[%emt 0:00:44]} 35. Bg3 {[%emt 0:00:40]} (35. Bxg7
Kxg7 $14) 35... Qb5 {[%emt 0:00:36]} 36. Be1 {[%emt 0:00:27]} (36. Qxb5 axb5
37. f4 gxf4 38. Bxf4 $16) 36... Qe5 {[%emt 0:00:42]} 37. Bg3 {[%emt 0:01:07]}
Qe2+ {[%emt 0:00:17]} 38. Bf2 {[%emt 0:00:01]} Bf8 {[%emt 0:00:07]} 39. Qxa6 {
[%emt 0:00:24]} e5 $6 {[%emt 0:00:26]} ({The counterplay started with this
move will result in a briliancy, but the simple} 39... Qe5 $1 $11 {would have
retrieved the pawn and saved the game at once.}) 40. Qc4 {[%emt 0:00:00]} Qxa2
{[%emt 0:00:00]} 41. Qc6 $2 {[%emt 0:12:32]} (41. Qxb4 $16) 41... e4 $1 {
[%emt 0:04:49]} 42. fxe4 {[%emt 0:00:40]} Qe2 {[%emt 0:00:35]} 43. Rf3 {
[%emt 0:00:24]} Rxd6 {[%emt 0:02:30]} 44. Qe8 {[%emt 0:00:21]} f6 {[%emt 0:01:
06]} 45. e5 {[%emt 0:00:34] Svidler must have put big hopes in this pawn break.
The threat is Qg6+ followed by exd6 and the black rook does not have safe
squares along the sixth rank.} f5 $3 {[%emt 0:16:01]} (45... Qxe5 46. Qxe5 fxe5
47. Rxf8+ Kxf8 48. Bc5 Ke7 49. Bxb4 $1 $18) (45... Ra6 46. Qc8 Rb6 47. Qf5 {
[%cal Ge5f6]}) (45... Rb6 46. Kg3 {[%cal Gf2b6]} Ra6 47. Re3 {[%cal Ge5e6]})
46. gxf5 {[%emt 0:01:04]} Rf6 $1 {[%emt 0:03:16]} 47. Kg3 {[%emt 0:12:30]} (47.
Re3 Qg4+ 48. Bg3 Ra6 $1 $132 {[%cal Ga6a2]}) 47... Qe4 {[%emt 0:02:06]} 48. Bc5
{[%emt 0:02:11]} Qe1+ {[%emt 0:05:56]} 49. Bf2 {[%emt 0:02:25]} Qe4 {[%emt 0:
00:50]} 50. Bc5 {[%emt 0:00:08]} Qe1+ {[%emt 0:00:05]} 51. Bf2 {[%emt 0:09:10]}
1/2-1/2

[Event "Candidates Tournament"]
[Site "Khanty-Mansiysk"]
[Date "2014.03.17"]
[Round "4"]
[White "Anand, Viswanathan"]
[Black "Kramnik, Vladimir"]
[Result "1/2-1/2"]
[WhiteElo "2770"]
[BlackElo "2787"]
[Annotator "ChessBase Website"]
[PlyCount "60"]
[EventDate "2014.03.13"]
[EventType "tourn"]
[EventRounds "14"]
[EventCountry "RUS"]
[EventCategory "21"]
[SourceTitle "CBM 160"]
[Source "ChessBase"]
[SourceDate "2014.05.15"]
[SourceVersion "1"]
[SourceVersionDate "2014.05.15"]
[SourceQuality "1"]
[TimeControl "40/7200:20/3600:900+30"]
[WhiteClock "1:04:51"]
[BlackClock "1:23:48"]

1. d4 {[%emt 0:00:08] A fabulous and exciting game, which was unfortunately
rather short. Kramnik busted out his Vienna which is a sharp and interesting
line, accepting a pawn sacrifice for which White obtains a strong initiative.
Anand's opening was not the best and it allowed Kramnik a creative and
powerful counterplay that resulted in a perpetual check.} Nf6 {[%emt 0:00:13]}
2. c4 {[%emt 0:00:16]} e6 {[%emt 0:00:06]} 3. Nf3 {[%emt 0:00:18]} d5 {[%emt 0:
00:52]} 4. Nc3 {[%emt 0:00:13]} dxc4 {[%emt 0:03:57]} 5. e4 {[%emt 0:09:15]}
Bb4 {[%emt 0:00:08]} 6. Bg5 {[%emt 0:00:42]} c5 {[%emt 0:00:25]} 7. Bxc4 {
[%emt 0:00:46]} cxd4 {[%emt 0:00:13]} 8. Nxd4 {[%emt 0:00:11]} Bxc3+ {[%emt 0:
01:18]} 9. bxc3 {[%emt 0:00:14]} Qa5 {[%emt 0:00:02]} 10. Bb5+ {[%emt 0:01:00]}
Nbd7 {[%emt 0:02:31]} 11. Bxf6 {[%emt 0:00:30]} Qxc3+ {[%emt 0:00:37]} 12. Kf1
{[%emt 0:00:17]} gxf6 {[%emt 0:00:07]} 13. h4 {[%emt 0:01:27]} a6 {[%emt 0:01:
03]} 14. Rh3 {[%emt 0:03:13]} Qb4 {[%emt 0:00:55]} 15. Be2 {[%emt 0:01:09]} Ne5
{[%emt 0:02:48]} 16. h5 {[%emt 0:08:12]} (16. Rc1 Qd6 17. Rc2 Bd7 18. Rd2 Qc7
19. Rc2 Qd6 20. Rd2 Qc7 21. Rc2 {1/2-1/2 (21) Grischuk,A (2746)-Kramnik,V 
(2781) Moscow 2011}) 16... Qd6 {[%emt 0:09:27]} 17. Qd2 {[%emt 0:02:31]} Nc6 {
[%emt 0:01:17]} 18. Rd3 {[%emt 0:02:03]} Qh2 {[%emt 0:00:14]} 19. f4 {[%emt 0:
10:05]} Rg8 {[%emt 0:00:32]} 20. Bf3 {[%emt 0:01:30]} Bd7 {[%emt 0:01:26]} 21.
Ne2 {[%emt 0:07:21]} Qh1+ {[%emt 0:03:58]} 22. Ng1 {[%emt 0:00:21]} Nd4 {
[%emt 0:00:10]} 23. Rxd4 {[%emt 0:02:04]} Bb5+ {[%emt 0:01:11]} 24. Kf2 {
[%emt 0:00:14]} Qh4+ {[%emt 0:00:12]} 25. Ke3 {[%emt 0:00:07]} e5 {[%emt 0:00:
18]} 26. fxe5 {[%emt 0:00:22]} Qg5+ {[%emt 0:00:42]} 27. Kf2 {[%emt 0:00:06]}
Qg3+ {[%emt 0:00:09]} 28. Ke3 {[%emt 0:00:09]} Qg5+ {[%emt 0:01:16]} 29. Kf2 {
[%emt 0:00:13]} Qg3+ {[%emt 0:00:02]} 30. Ke3 {[%emt 0:00:12]} Qg5+ {[%emt 0:
00:03]} 1/2-1/2